000 00758nam a2200253Ia 4500
003 OSt
005 20220927105621.0
006 a|||||r|||| 00| 0
007 ta
008 220926b |||||||| |||| 00| 0 eng d
020 _a978921128314
024 _a196568
037 _cReference Collections
040 _aRTL
_cRTL
_beng
041 _2eng
_aeng
082 _a"XM8:8F, Q1/UN"
110 _aUNITED NATIONS CONFERENCE ON TRADE AND DEVELOPMENT
245 0 _aInternational accounting and reporting issues
260 _aNew
_b"York, United Nations, "
490 _v01493393: 2010 (92p)
700 _aUNITED NATIONS CONFERENCE ON TRADE AND DEVELOPMENT
942 _h"XM8:8F, Q1/UN"
_cCC
999 _c693441
_d693441